Legdrágább kincsünk
Elmentve itt :
| Szerző: | |
|---|---|
| Dokumentumtípus: | Cikk |
| Megjelent: |
1953
|
| Sorozat: | Szegedi Egyetem
1 No. 3 |
| Kulcsszavak: | Egyetemi Napközi Otthon |
| Online Access: | http://univ.bibl.u-szeged.hu/10839 |
| LEADER | 00602nab a2200193 i 4500 | ||
|---|---|---|---|
| 001 | univ10839 | ||
| 005 | 20250305134137.0 | ||
| 008 | 171010s1953 hu o 000 hun d | ||
| 022 | |a 0230-791X | ||
| 040 | |a SZTE UnivHistória Repozitórium |b hun | ||
| 041 | |a hun | ||
| 100 | 1 | |a Tokaji Lajos | |
| 245 | 1 | 0 | |a Legdrágább kincsünk |h [elektronikus dokumentum] / |c Tokaji Lajos |
| 260 | |c 1953 | ||
| 300 | |a 4 | ||
| 490 | 0 | |a Szegedi Egyetem |v 1 No. 3 | |
| 561 | |a Egyetemi, hallgatói élet | ||
| 695 | |a Egyetemi Napközi Otthon | ||
| 856 | 4 | 0 | |u http://univ.bibl.u-szeged.hu/10839/1/sze_1953_003_004.pdf |z Dokumentum-elérés |